Berlin Tourist Attractions - Statistics

General Stats
  • This quiz has been taken 235 times
  • The average score is 8 of 15
Answer Stats
Hint Answer % Correct
Government Building Reichstag Building
92%
Large gate that is a symbol of Berlin Brandenburger Tor
89%
Former crossing point between East and West Berlin Check Point Charlie
80%
Tallest Building Fernsehturm
70%
Famous department store in West Berlin - the largest department store in continental Europe KaDeWe
57%
Section of the Berlin Wall now painted by various artists East Side Gallery
56%
Large Evangelical church on Museum Island Berlin Cathedral
52%
Bombed Church Kaiser Wilhelm Gedaechtnis Kirche
48%
Red building with a clock tower near Alexanderplatz Rotes Rathaus
47%
Beautiful Palace in the Charlottenburg District Charlottenburg Palace
46%
A sea pf concrete blocks or stellae Memorial To The Murdered Jews Of Europe
35%
Golden Statue in the middle of the Tiergarten Siegesaeule
33%
A square in Berlin that is the location of the French and German Cathedrals and the Concert House Gendarmenmarkt
27%
Zig-zag shaped museum designed by Daniel Libeskind Jewish Museum
25%
Building with an unusual butterfly sculpture in front of it Haus der Kulturen der Welt
2%
No matching quizzes found
Score Distribution
Percent of People with Each Score
Percentile by Number Answered
Your Score History
You have not taken this quiz